Leyes y ordenanzas reales de las indias del mar oceano por las cuales primeramente se han de liberar todos los pleidos civiles y criminales de aquellas partes y lo que por ellas no estuviere determinado se ha de liberar por las leyes y ordenanzas de los reinos de Castilla

-д хадгалсан:
Номзүйн дэлгэрэнгүй
Үндсэн зохиолч: Zorita, Alonso (Зохиогч)
Формат: Ном
Хэл сонгох:испани
Хэвлэсэн: Ciudad de México Secretaría de Hacienda y Crédito Público 1984
Нөхцлүүд:
Шошгууд: Шошго нэмэх
Шошго байхгүй, Энэхүү баримтыг шошголох эхний хүн болох!

MARC

LEADER 00000nam a2200000 a 4500
001 UCR4299
003 CL-VaPUC
008 980307e19840000MX |||||||||||||||||spa|d
082 0 4 |a 349.46  |b ZOR  |2 21 
100 0 |a Zorita, Alonso  |e author  |9 404171 
245 1 0 |a Leyes y ordenanzas reales de las indias del mar oceano por las cuales primeramente se han de liberar todos los pleidos civiles y criminales de aquellas partes y lo que por ellas no estuviere determinado se ha de liberar por las leyes y ordenanzas de los reinos de Castilla 
300 |a 416 p 
942 |c BK 
945 |d 19980307 00:00:00  |a crobeson 
260 |a Ciudad de México  |b Secretaría de Hacienda y Crédito Público  |c 1984 
650 7 |a LEGISLACION  |2 CL-VaPUC  |9 404172 
650 0 |a Leyes  |9 256670 
650 7 |a HISTORIA DEL DERECHO ESPAÑOL  |2 CL-VaPUC  |9 404173 
651 0 |a España  |9 254926 
651 7 |a CASTILLA  |2 CL-VaPUC  |9 318548 
583 |a last modification  |c 19980307 00:00:00  |k Rodrigo Vera 
999 |c 267245  |d 267243 
952 |0 0  |1 0  |4 0  |6 349_460000000000000_ZOR_1984  |7 0  |8 DER_HDC  |9 299491  |a BIBDER  |b BIBDER  |d 2019-11-20  |i 1949209  |o 349.46 ZOR 1984  |p 1949209  |r 2023-01-25  |w 2019-11-20  |x Ubicación 4to Piso  |y BK  |z Estos recursos deben solicitarse con anticipación  |k DER